000 00600cam a2200145 4500500
005 20260208010541.0
041 _afre
042 _adc
100 1 0 _aLarivée, Annie
_eauthor
245 0 0 _aPierre Hadot, La philosophie comme manière de vivre. Entretiens avec J. Carlier et A. Davidson, Paris, Albin Michel, 2001, 283 p., 18,29 E.
260 _c2005.
500 _a37
786 0 _nRevue philosophique de la France et de l'étranger | 130 | 1 | 2005-03-01 | p. 77zq-130zq | 0035-3833
856 4 1 _uhttps://shs.cairn.info/revue-philosophique-2005-1-page-77zq?lang=fr&redirect-ssocas=7080
999 _c1657082
_d1657082